Fancy Vocabulary Quiz #5 - Statistics

General Stats
  • This quiz has been taken 42 times
    5 since last reset
  • The average score is 6 of 10
Answer Stats
Hint Answer % Correct
An alternative form of a gene Al{lele}
100%
Something that is out of place in time An{achronistic}
100%
A division between two things, particularly things that are contradictory or mutually exclusive Di{chotomy}
80%
Pleasure from the misfortune of others Sc{hadenfreude}
80%
A position, person, or object that is prominent Em{inence}
60%
A powerful whirlpool Ma{elstrom}
60%
A metrical foot consisting of a stressed syllable followed by an unstressed syllable; the reverse of an iamb Tr{ochee}
60%
The center of attention, or a thing that serves to direct or guide Cy{nosure}
20%
A unit of two lines in some kinds of poetry Di{stich}
20%
Something of or relating to the moon, especially used in poetry Se{lenian}
20%
No matching quizzes found
Score Distribution
Percent of People with Each Score
Percentile by Number Answered
Your Score History
You have not taken this quiz since the last reset